Engineering science
The book offers comprehensive coverage of the basic principles of engineering science, including mechanics, heat, electricity and sound. It is supported throughout by numerous problems and worked examples, and there is a useful section on symbols and abbreviations
保存先:
| 第一著者: | |
|---|---|
| フォーマット: | 図書 |
| 言語: | Undetermined |
| 出版事項: |
London
Longman
1996
|
| 主題: | |
| タグ: |
タグ追加
タグなし, このレコードへの初めてのタグを付けませんか!
|
| Thư viện lưu trữ: | Trung tâm Học liệu Trường Đại học Cần Thơ |
|---|
| LEADER | 00788nam a2200193Ia 4500 | ||
|---|---|---|---|
| 001 | CTU_18912 | ||
| 008 | 210402s9999 xx 000 0 und d | ||
| 082 | |a 621 | ||
| 082 | |b H893 | ||
| 100 | |a Edward Hughes | ||
| 245 | 0 | |a Engineering science | |
| 245 | 0 | |c Edward Hughes, Christopher Hughes, William Bolton | |
| 260 | |a London | ||
| 260 | |b Longman | ||
| 260 | |c 1996 | ||
| 520 | |a The book offers comprehensive coverage of the basic principles of engineering science, including mechanics, heat, electricity and sound. It is supported throughout by numerous problems and worked examples, and there is a useful section on symbols and abbreviations | ||
| 650 | |a engineering science,physics, applied | ||
| 904 | |i Minh, 971001 | ||
| 980 | |a Trung tâm Học liệu Trường Đại học Cần Thơ | ||